Dohody o mimopracovnej činnosti a daň z príjmov v roku 2001 a 2002
Niektoré zmeny týkajúce sa problematiky dohôd o mimopracovnej činnosti a dane z príjmov v súvislosti s nadobudnutím účinnosti nového Zákonníka práce od 1.4.2002. Poukázanie na spôsob zdanenia študentov z príjmov zo závislej činnosti.
Gespeichert in:
| 1. Verfasser: | |
|---|---|
| Format: | Buchkapitel |
| Sprache: | Slowakisch |
| Schlagworte: | |
| Tags: |
Keine Tags, Fügen Sie das erste Tag hinzu!
|
MARC
| LEADER | 00000naa a2200000 4500 | ||
|---|---|---|---|
| 001 | r043149 | ||
| 005 | 20231003084702.1 | ||
| 041 | 0 | |a slo | |
| 044 | |a SK | ||
| 245 | 1 | 0 | |a Dohody o mimopracovnej činnosti a daň z príjmov v roku 2001 a 2002 |c Dagmar Piršelová |
| 520 | |a Niektoré zmeny týkajúce sa problematiky dohôd o mimopracovnej činnosti a dane z príjmov v súvislosti s nadobudnutím účinnosti nového Zákonníka práce od 1.4.2002. Poukázanie na spôsob zdanenia študentov z príjmov zo závislej činnosti. | ||
| 610 | 2 | 0 | |a dohody o činnosti pracovnej |
| 610 | 2 | 0 | |a dohody o prácach mimo pracovného pomeru |
| 610 | 2 | 0 | |a dane z príjmov |
| 610 | 2 | 0 | |a dane z príjmov |
| 610 | 2 | 0 | |a študenti |
| 610 | 2 | 0 | |a zákonník práce |
| 610 | 2 | 0 | |a úpravy právne |
| 610 | 2 | 0 | |a 2001 |
| 610 | 2 | 0 | |a apríl |
| 610 | 2 | 0 | |a 2002 |
| 100 | 1 | |a Piršelová, Dagmar | |